مكتبة جامعة عجلون الوطنية

فهرس بحث المكتبة

Normal view MARC view
  • الحضارة الاوروبية، الحضارة الاسلامية، الحضارة العربية

Entry Topical Term

Number of records used in: 1

001 - CONTROL NUMBER

  • control field: 47857

003 - CONTROL NUMBER IDENTIFIER

  • control field: JO-AjAnu

005 - DATE AND TIME OF LATEST TRANSACTION

  • control field: 20230606081910.0

008 - FIXED-LENGTH DATA ELEMENTS

  • fixed length control field: 230606|| aca||aabn | a|a d

040 ## - CATALOGING SOURCE

  • Original cataloging agency: JO-AjAnu
  • Transcribing agency: JO-AjAnu

150 ## - HEADING--TOPICAL TERM

  • Topical term or geographic name entry element: الحضارة الاوروبية، الحضارة الاسلامية، الحضارة العربية

670 ## - SOURCE DATA FOUND

  • Source citation: Work cat.: (JO-AjAnu)24488: هونكه، زيغريد؛ فاروق بيضون ترجمة، كمال دسوقي ترجمة؛ مارون عيسى الخوري مراجع, author 47856, شمس العرب تسطع على الغرب اثر الحضارة العربية في اوروبة